000 00323nam a2200133Ia 4500
005 20260328101518.0
008 260328s9999||||xx |||||||||||||| ||und||
100 _aPhilippi, Arlindo
245 0 _aCurso de gestao Ambiental /
_cArlindo Philippi
260 _bManole
300 _a1045 p.
650 _aECOLOGÍA
942 _cBK
999 _c9475
_d9475